Dựng mô hình 3D : 3D studio Max
Guardat en:
| Autor principal: | |
|---|---|
| Format: | Llibre |
| Idioma: | Undetermined |
| Publicat: |
Hà Nội
Thống kê
2004
|
| Matèries: | |
| Etiquetes: |
Afegir etiqueta
Sense etiquetes, Sigues el primer a etiquetar aquest registre!
|
| Thư viện lưu trữ: | Trung tâm Học liệu Trường Đại học Cần Thơ |
|---|
| LEADER | 00633nam a2200217Ia 4500 | ||
|---|---|---|---|
| 001 | CTU_101446 | ||
| 008 | 210402s9999 xx 000 0 und d | ||
| 020 | |c 64000 | ||
| 082 | |a 006.68 | ||
| 082 | |b K304/T.2 | ||
| 100 | |a Hồ, Hoàn Kiếm | ||
| 245 | 0 | |a Dựng mô hình 3D : | |
| 245 | 0 | |b 3D studio Max | |
| 245 | 0 | |c Hồ Hoàn Kiếm, Hồ Xuân Phương | |
| 260 | |a Hà Nội | ||
| 260 | |b Thống kê | ||
| 260 | |c 2004 | ||
| 650 | |a Computer graphics,3D max ( computer programs ) | ||
| 650 | |x Computer programs | ||
| 904 | |i M.Loan | ||
| 980 | |a Trung tâm Học liệu Trường Đại học Cần Thơ | ||